ARRUPE JESUIT UNIVERSITY

CORONAVIRUS -STOP THE SPREAD - CLEAN,DISINFECT,COVER

A concise history of art. (Record no. 126416)

MARC details
000 -LEADER
fixed length control field 00588cam a2200193u 4500
001 - CONTROL NUMBER
control field 7012466
003 - CONTROL NUMBER IDENTIFIER
control field ARRUPE
005 - DATE AND TIME OF LATEST TRANSACTION
control field 20170412094846.0
008 - FIXED-LENGTH DATA ELEMENTS--GENERAL INFORMATION
fixed length control field 961122s1958 enkacf 000 0 eng
010 ## - LIBRARY OF CONGRESS CONTROL NUMBER
LC control number l 59001304
040 ## - CATALOGING SOURCE
Original cataloging agency DLC
Transcribing agency CarP
Modifying agency DLC
050 00 - LIBRARY OF CONGRESS CALL NUMBER
Classification number N5300
Item number .B393
300 ## - PHYSICAL DESCRIPTION
Other physical details illus., col. plates, ports. (part col.)
Dimensions 21 cm.
100 1# - MAIN ENTRY--PERSONAL NAME
Personal name Bazin, Germain.
9 (RLIN) 29857
245 12 - TITLE STATEMENT
Title A concise history of art.
Statement of responsibility, etc Germain Bazin
260 ## - PUBLICATION, DISTRIBUTION, ETC. (IMPRINT)
Place of publication, distribution, etc London,
Name of publisher, distributor, etc Thames and Hudson
Date of publication, distribution, etc 1962
300 ## - PHYSICAL DESCRIPTION
Extent 544 p.
650 #0 - SUBJECT ADDED ENTRY--TOPICAL TERM
Topical term or geographic name as entry element Art
General subdivision History.
9 (RLIN) 26722
906 ## - LOCAL DATA ELEMENT F, LDF (RLIN)
a 0
b cbc
c premunv
d u
e ncip
f 19
g y-gencatlg
942 ## - ADDED ENTRY ELEMENTS (KOHA)
Source of classification or shelving scheme Library of Congress Classification
Koha item type Monograph ( Printed materials)
Holdings
Withdrawn status Lost status Source of classification or shelving scheme Damaged status Not for loan Collection code Home library Current library Shelving location Date acquired Total Checkouts Full call number Barcode Date last seen Price effective from Koha item type
    Library of Congress Classification     Main Collection ARRUPE LIBRARY ARRUPE LIBRARY Main Collection 12/04/2017   N5300 .B393 v.2 46500024394 03/07/2018 12/04/2017 Monograph ( Printed materials)

 

Arrupe Library. PO Box MP320 Mt Pleasant, Harare, Zimbabwe
263 242 745411|librarian@aju.ac.zw